Ciudades de la Copa Mundial en una mapa - Estadísticas

Estadísticas generales
  • Esta prueba ha sido intentada 35 veces
    18 desde el último reinicio
  • La puntuación promedio es 68 de 198
Respuestas en el mapa
Las respuestas están codificadas por una escala verde-roja en el mapa de la prueba según el % correcto abajo.
 
Estadísticas de respuestas
Ciudad % Correcto
Ciudad de México
93%
Barcelona
87%
Buenos Aires
87%
Londres
87%
Madrid
87%
Moscú
87%
Nápoles
87%
Rio de Janeiro
87%
Sevilla
87%
Brasilia
80%
Mánchester
80%
Montevideo
80%
París
80%
Rom
80%
Santiago
80%
Turín
80%
Ciudad del Cabo
73%
Johannesburgo
73%
Liverpool
73%
Milán
73%
Rosario
73%
São Paulo
73%
Seúl
73%
Valencia
73%
Berlin
67%
Berlín Occidental / Berlín
67%
Bilbao
67%
Córdoba
67%
Lyon
67%
Marsella
67%
Múnich
67%
Solna
67%
Doha
60%
Florencia
60%
Guadalajara
60%
San Petersburgo
60%
Zaragoza
60%
Alicante
53%
Málaga
53%
Monterrey
53%
Orlando
53%
Berna
47%
Chicago
47%
Fortaleza
47%
Hamburgo
47%
Malmö
47%
Mendoza
47%
Palermo
47%
Vigo
47%
Washington D. C.
47%
Zürich
47%
Birmingham
40%
Elche
40%
Gijón
40%
La Coruña
40%
Osaka
40%
Oviedo
40%
Pretoria
40%
Puebla
40%
Recife
40%
Valladolid
40%
Belo Horizonte
33%
Dortmund
33%
Fráncfort
33%
Génova
33%
Ginebra
33%
Lille
33%
Porto Alegre
33%
Toulouse
33%
Arica
27%
Bari
27%
Burdeos
27%
Cagliari
27%
Colonia
27%
Dallas
27%
León
27%
Manaos
27%
Mar del Plata
27%
Nantes
27%
Roma
27%
Salvador
27%
Viña del Mar
27%
Basilea
20%
Bloemfontein
20%
Bolonia
20%
Curitiba
20%
Durban
20%
Düsseldorf
20%
Kaliningrado
20%
Leipzig
20%
Montpellier
20%
Natal
20%
Querétaro
20%
Stuttgart
20%
Toluca
20%
Trieste
20%
Verona
20%
Volgogrado
20%
Busan
13%
Cuiabá
13%
Ekaterimburgo
13%
Estrasburgo
13%
Hannover
13%
Kazán'
13%
Lens
13%
Nezahualcóyotl
13%
Nizhni Nóvgorod
13%
Núremberg
13%
Rancagua
13%
Reims
13%
Rostov del Don
13%
Saint-Étienne
13%
San Nicolás de los Garza
13%
Sapporo
13%
Sheffield
13%
Sochi
13%
Sunderland
13%
Yokohama
13%
Zapopan
13%
Al Wakrah
7%
Antibes
7%
Borås
7%
Daegu
7%
Daejeon
7%
East Rutherford
7%
El Havre
7%
Eskilstuna
7%
Foxborough
7%
Gelsenkirchen
7%
Gotemburgo
7%
Gwangju
7%
Halmstad
7%
Helsingborg
7%
Incheon
7%
Irapuato
7%
Jeonju
7%
Kaiserslautern
7%
Kashima
7%
Kobe
7%
Lausanne
7%
Lugano
7%
Lusail
7%
Middlesbrough
7%
Miyagi
7%
Nelspruit
7%
Niigata
7%
Norrköping
7%
Ōita
7%
Örebro
7%
Pasadena
7%
Polokwane
7%
Pontiac
7%
Puerto Elizabeth
7%
Rustenburg
7%
Saint-Denis
7%
Saitama
7%
Samara
7%
Sandviken
7%
Saransk
7%
Seogwipo
7%
Shizuoka
7%
Stanford
7%
Suwon
7%
Uddevalla
7%
Udine
7%
Ulsan
7%
Västerås
7%
Jor
0%
Rayán
0%
No se encontraron pruebas coincidentes
Distribución de puntuación
Porcentaje de gente con cada puntuación
Porcentaje por número respondido
Historial de tus puntuaciones
No has intentado esta prueba desde el último reinicio